| 000 | 00794nam a22002057a 4500 | ||
|---|---|---|---|
| 003 | NALT | ||
| 005 | 20210727130024.0 | ||
| 008 | 180316b th ||||| |||| 00| 0 tha d | ||
| 040 | _aNALT | ||
| 050 |
_aCT 203 _bท5พ6 |
||
| 100 | 0 |
_aพิชัย รัตนประทีป _926476 |
|
| 245 | 1 | 0 |
_aบุรุษชั้นนำ / _cพิชัย รัตนประทีป. |
| 260 |
_aพระนคร : _bเจริญวิทยาการ, _cม.ป.ป. |
||
| 300 |
_a256 หน้า : _bภาพประกอบ ; _c16 ซม. |
||
| 650 | 4 |
_aบุคคลสำคัญ _926478 _xชีวประวัติ |
|
| 650 | 4 |
_aผู้นำของรัฐ _926477 _xชีวประวัติ |
|
| 850 | _aNALT | ||
| 942 |
_cRRB _2lcc |
||
| 998 |
_c101 _j109 _k อารีรัตน์ วิชาช่าง |
||
| 999 |
_c40494 _d40494 |
||